000 00249nam a22001097a 4500
082 _a808.3 DIX'G
100 _aDIXON, JEANE
_979457
245 _aA GIFT OF PROPHECY THE PHENOMENAL
260 _aNEWYORK
_bBANTAN
_c1966
300 _a196P
942 _cBK
999 _c584498
_d584498